| 000 | 00771nam a22002057i 4500 | ||
|---|---|---|---|
| 999 |
_c22813 _d22813 |
||
| 003 | AR-CdUCM | ||
| 008 | 240327b20212021pe ||||| |||| 00| 0 spa d | ||
| 020 | _a978-612-4436-42-0 | ||
| 040 |
_aMUNICIPALIDAD PROVINCIAL DEL CUSCO _cBIBLIOTECA MUNICIPAL DEL CUSCO |
||
| 041 | _hspa | ||
| 082 |
_a869.56 / Z87M12 _bZ87M12 |
||
| 100 |
_aZorrilla, Zein _948498 |
||
| 245 |
_aEl Mestizo de los Andes y su Destino : _bEn manos de Leguía / |
||
| 260 |
_aLima : _bLluvia Editores, _c2021 |
||
| 300 |
_a131 páginas. : _c24 cm. |
||
| 505 | _aEl hombre que vino de Londres -- Los actores invisibles -- Prestar-arrendar: sojuzgar -- Un beso de garantía -- Un solo jinete conduce el caballo | ||
| 856 | _fwww.lluviaeditores.com | ||
| 942 |
_2ddc _cLIBROS |
||
| 945 |
_apbj _d27-03-2024 |
||